Reverse Dictionary #77 - Statistics

General Stats
  • This quiz has been taken 43 times
  • The average score is 15 of 25
Answer Stats
Definition First
Letter
Word % Correct
A mythical human of very great size. G Giant
100%
Water in frozen (solid) form. I Ice
100%
The interior bottom or surface of a house or building; the supporting surface of a room. F Floor
86%
Clothes worn next to the skin, underneath outer clothing, to provide support or to protect outer clothing from bodily secretions. U Underwear
86%
A regulation, law, guideline. A regulating principle. R Rule
84%
A young male human. B Boy
81%
To establish the identity of someone or something. I Identify
78%
Awareness of a particular fact or situation; a state of having been informed or made aware of something. K Knowledge
76%
A settlement; an area with residential districts, shops and amenities, and its own local government; especially one larger than a village and smaller than a city, historically enclosed by a fence or walls. T Town
76%
Characterised by or exhibiting grace, refinement, and beauty in movement, appearance, or manners. E Elegant
70%
No longer maintained by its former owners, residents, or caretakers; forsaken, deserted. A Abandoned
65%
To pardon (someone); to waive any negative feeling towards or desire for punishment or retribution against. F Forgive
65%
(especially of a woman) Fairly short and of slim build. P Petite
65%
The spectral composition of visible light. C Color
59%
To suck up; to drink in; to imbibe, like a sponge. A Absorb
57%
A light fabric containing patterns of holes, usually built up from a single thread. L Lace
51%
To originate or stem (from). D Derive
49%
To cause (someone or something) to be; to bring (someone or something) into existence; to produce or initiate a person or thing. O Originate
43%
An ointment, cream, or balm with soothing, healing, or calming effects. S Salve
43%
A new growth on a plant, whether from seed or other parts. S Sprout
43%
At rest, stationary, immobile, not moving. M Motionless
41%
To fill to satisfaction; to satisfy. S Satiate
32%
A process that returns to its beginning and then repeats itself in the same sequence. C Cycle
24%
(dated) To distribute objects or pieces of something over an area, especially in a random manner. S Strew
24%
To threaten to happen; to be about to happen, to be imminent. I Impend
16%
No matching quizzes found
Score Distribution
Percent of People with Each Score
Percentile by Number Answered
Your Score History
You have not taken this quiz